ARRUPE JESUIT UNIVERSITY

CORONAVIRUS -STOP THE SPREAD - CLEAN,DISINFECT,COVER

Door through darkness (Record no. 123845)

MARC details
000 -LEADER
fixed length control field 00586nam a22001697a 4500
008 - FIXED-LENGTH DATA ELEMENTS--GENERAL INFORMATION
fixed length control field 151208b xxu||||| |||| 00| 0 eng d
020 ## - INTERNATIONAL STANDARD BOOK NUMBER
International Standard Book Number 9781565480445
050 ## - LIBRARY OF CONGRESS CALL NUMBER
Classification number BV5080J64L998
100 ## - MAIN ENTRY--PERSONAL NAME
Personal name Lyddon, Eileen sr.
9 (RLIN) 21242
245 ## - TITLE STATEMENT
Title Door through darkness
Remainder of title John of the cross and mysticism in everyday life
Statement of responsibility, etc /by Sister Eileen Lyddon
260 ## - PUBLICATION, DISTRIBUTION, ETC. (IMPRINT)
Place of publication, distribution, etc New York
Name of publisher, distributor, etc New city Press
Date of publication, distribution, etc 1995
300 ## - PHYSICAL DESCRIPTION
Extent 175p. ;
Dimensions 23cm.
650 ## - SUBJECT ADDED ENTRY--TOPICAL TERM
Topical term or geographic name as entry element John of the cross, st
9 (RLIN) 21243
650 ## - SUBJECT ADDED ENTRY--TOPICAL TERM
Topical term or geographic name as entry element Mysticism
General subdivision Catholic church
9 (RLIN) 2229
650 ## - SUBJECT ADDED ENTRY--TOPICAL TERM
Topical term or geographic name as entry element Catholic church
General subdivision Doctrines
9 (RLIN) 4786
942 ## - ADDED ENTRY ELEMENTS (KOHA)
Source of classification or shelving scheme Library of Congress Classification
Item type Monograph ( Printed materials)
Holdings
Withdrawn status Lost status Source of classification or shelving scheme Damaged status Not for loan Collection code Home library Current library Shelving location Date acquired Total Checkouts Full call number Barcode Date last seen Price effective from Koha item type
    Library of Congress Classification     Main Collection ARRUPE LIBRARY ARRUPE LIBRARY Main Collection 08/12/2015   BV5080J64L998 46500005710 08/12/2015 08/12/2015 Monograph ( Printed materials)

 

Arrupe Library. PO Box MP320 Mt Pleasant, Harare, Zimbabwe
263 242 745411|librarian@aju.ac.zw